<?xml version="1.0" encoding="UTF-8"?>
<collection xmlns="http://www.loc.gov/MARC21/slim">
<record>
  <controlfield tag="001">165135</controlfield>
  <controlfield tag="005">20251212165958.0</controlfield>
  <datafield tag="024" ind1="7" ind2=" ">
    <subfield code="2">doi</subfield>
    <subfield code="a">10.3390/w17223294</subfield>
  </datafield>
  <datafield tag="024" ind1="8" ind2=" ">
    <subfield code="2">sideral</subfield>
    <subfield code="a">146617</subfield>
  </datafield>
  <datafield tag="037" ind1=" " ind2=" ">
    <subfield code="a">ART-2025-146617</subfield>
  </datafield>
  <datafield tag="041" ind1=" " ind2=" ">
    <subfield code="a">eng</subfield>
  </datafield>
  <datafield tag="100" ind1=" " ind2=" ">
    <subfield code="a">Lopez-Julian, Pedro Luis</subfield>
    <subfield code="u">Universidad de Zaragoza</subfield>
    <subfield code="0">(orcid)0000-0002-5585-2126</subfield>
  </datafield>
  <datafield tag="245" ind1=" " ind2=" ">
    <subfield code="a">Sampling Urban Stormwater: Lessons Learned from a Field Campaign in a Little Town of Spain</subfield>
  </datafield>
  <datafield tag="260" ind1=" " ind2=" ">
    <subfield code="c">2025</subfield>
  </datafield>
  <datafield tag="520" ind1="3" ind2=" ">
    <subfield code="a">The water quality characteristics of urban stormwater in a small town (La Almunia, 8000 inhabitants) in Northeast Spain with a combined sewer system have been studied. A specific device was designed to collect stormwater just before it enters the drainage network at five different points in the urban area, thus obtaining an approximate calculation of the mean event concentration values for the surface runoff generated during eight rainfall episodes. The results obtained demonstrated a high variability in the average concentrations of the events. The highest measured values corresponded mainly to the periods of the greatest road traffic from agricultural machinery within the town (harvest and manure seasons), resulting in peaks mainly in electrical conductivity and dissolved oxygen demand. This finding has been confirmed by the spatial study of the results, since the maximum values of these parameters were located in those areas of preferential transit of agricultural machinery; in addition, a possible relationship has also been observed between the maximum values of nitrogen and phosphorus in stormwater and older urban areas, due to the washing of bird droppings accumulated on the roofs. In general, all obtained results indicate that the stormwater samples generated in La Almunia present a low contaminant load, with the mean concentration event values calculated for half of the events falling within the discharge limit values established by the European Union. This fact, combined with the spatial and temporal location of the highest levels of stormwater pollution, helps evaluate urban cleanup operations and the operational capacity of both the urban drainage network and the wastewater treatment plant.</subfield>
  </datafield>
  <datafield tag="506" ind1="0" ind2=" ">
    <subfield code="a">Access copy available to the general public</subfield>
    <subfield code="f">Unrestricted</subfield>
  </datafield>
  <datafield tag="536" ind1=" " ind2=" ">
    <subfield code="9">info:eu-repo/grantAgreement/ES/MICINN/132098B-C22</subfield>
  </datafield>
  <datafield tag="540" ind1=" " ind2=" ">
    <subfield code="9">info:eu-repo/semantics/openAccess</subfield>
    <subfield code="a">by</subfield>
    <subfield code="u">https://creativecommons.org/licenses/by/4.0/deed.es</subfield>
  </datafield>
  <datafield tag="655" ind1=" " ind2="4">
    <subfield code="a">info:eu-repo/semantics/article</subfield>
    <subfield code="v">info:eu-repo/semantics/publishedVersion</subfield>
  </datafield>
  <datafield tag="700" ind1=" " ind2=" ">
    <subfield code="a">Acero-Oliete, Alejandro</subfield>
    <subfield code="0">(orcid)0000-0003-2591-1540</subfield>
  </datafield>
  <datafield tag="700" ind1=" " ind2=" ">
    <subfield code="a">Antolín Cañada, Diego</subfield>
    <subfield code="0">(orcid)0000-0003-4404-776X</subfield>
  </datafield>
  <datafield tag="700" ind1=" " ind2=" ">
    <subfield code="a">Borque Horna, Carmelo</subfield>
    <subfield code="0">(orcid)0000-0003-2706-754X</subfield>
  </datafield>
  <datafield tag="700" ind1=" " ind2=" ">
    <subfield code="a">Arvia, Mariarosaria</subfield>
  </datafield>
  <datafield tag="700" ind1=" " ind2=" ">
    <subfield code="a">Russo, Beniamino</subfield>
    <subfield code="0">(orcid)0000-0001-9437-0085</subfield>
  </datafield>
  <datafield tag="710" ind1="2" ind2=" ">
    <subfield code="1">2000</subfield>
    <subfield code="2">427</subfield>
    <subfield code="a">Universidad de Zaragoza</subfield>
    <subfield code="b">Dpto. Ciencias de la Tierra</subfield>
    <subfield code="c">Área Geodinámica Externa</subfield>
  </datafield>
  <datafield tag="773" ind1=" " ind2=" ">
    <subfield code="g">17, 22 (2025), 3294 [12 pp.]</subfield>
    <subfield code="p">Water (Basel)</subfield>
    <subfield code="t">Water (Switzerland)</subfield>
    <subfield code="x">2073-4441</subfield>
  </datafield>
  <datafield tag="856" ind1="4" ind2=" ">
    <subfield code="s">2529910</subfield>
    <subfield code="u">http://zaguan.unizar.es/record/165135/files/texto_completo.pdf</subfield>
    <subfield code="y">Versión publicada</subfield>
  </datafield>
  <datafield tag="856" ind1="4" ind2=" ">
    <subfield code="s">2516394</subfield>
    <subfield code="u">http://zaguan.unizar.es/record/165135/files/texto_completo.jpg?subformat=icon</subfield>
    <subfield code="x">icon</subfield>
    <subfield code="y">Versión publicada</subfield>
  </datafield>
  <datafield tag="909" ind1="C" ind2="O">
    <subfield code="o">oai:zaguan.unizar.es:165135</subfield>
    <subfield code="p">articulos</subfield>
    <subfield code="p">driver</subfield>
  </datafield>
  <datafield tag="951" ind1=" " ind2=" ">
    <subfield code="a">2025-12-12-14:43:23</subfield>
  </datafield>
  <datafield tag="980" ind1=" " ind2=" ">
    <subfield code="a">ARTICLE</subfield>
  </datafield>
</record>
</collection>